000 00369 a2200169 4500
001 183136
020 _a85-322-1013-9
040 _cMagnum
100 _aBarbosa, Nair de Medeiros
240 1 0 _aUma surpresa pro papai
_lpor
245 1 0 _aUma surpresa pro papai
300 _a21
362 0 _a1993
440 1 _aFTD
697 _aLITERATURA INFANTIL
942 _cBK
999 _c183136
_d183136